Concrete technology (Record no. 4023)

000 -LEADER
fixed length control field 00455nam a22001817a 4500
001 - CONTROL NUMBER
control field 4023
003 - CONTROL NUMBER IDENTIFIER
control field BD-DhUET
008 - FIXED-LENGTH DATA ELEMENTS--GENERAL INFORMATION
fixed length control field 141111b xxu||||| |||| 00| 0 eng d
040 ## - CATALOGING SOURCE
Transcribing agency 0
Modifying agency BD-DhUET
082 ## - DEWEY DECIMAL CLASSIFICATION NUMBER
Classification number 620.136
Item number SHE/1982
100 ## - MAIN ENTRY--PERSONAL NAME
Personal name Shetty, M. S.
245 ## - TITLE STATEMENT
Title Concrete technology
Remainder of title theory and practice
250 ## - EDITION STATEMENT
Edition statement 1st ed.
260 ## - PUBLICATION, DISTRIBUTION, ETC. (IMPRINT)
Place of publication, distribution, etc. New Delhi
Name of publisher, distributor, etc. S. Chand
Date of publication, distribution, etc. 1982
300 ## - PHYSICAL DESCRIPTION
Extent xiv, 592p.
Other physical details ill.
650 #0 - SUBJECT ADDED ENTRY--TOPICAL TERM
Topical term or geographic name as entry element Concrete - Engineering
942 ## - ADDED ENTRY ELEMENTS (KOHA)
Koha item type General Book
Holdings
Lost status Koha item type Piece designation (barcode) Source of classification or shelving scheme Sublocation or collection (holding branch) Price effective from Shelving location Koha normalized classification for sorting Koha date last borrowed Location (home branch) Koha date last seen Koha full call number Not for loan Koha collection Withdrawn status Copy number Koha issues (times borrowed) Damaged status Date acquired
 General Book58310 Central Library, BUET2014-11-11Circulation section620_000000000000000_136SHE19822014-11-11Central Library, BUET2014-12-23620.136/SHE/1982   21 2014-11-11
 General Book56438 Central Library, BUET2014-11-16Circulation section620_000000000000000_136SHE19822014-11-16Central Library, BUET2017-06-05620.136/SHE/1982   11 2014-11-16
 General Book58315 Central Library, BUET2014-11-18Circulation section620_136000000000000_SHE_19822014-11-18Central Library, BUET2016-09-03620.136/SHE/1982   31 2014-11-18
 General Book58312 Central Library, BUET2014-11-26Circulation section620_000000000000000_136SHE19822016-03-05Central Library, BUET2016-08-21620.136/SHE/1982   42 2014-11-26
 General Book58311 Central Library, BUET2015-02-05Circulation section620_136000000000000_SHE_1982 Central Library, BUET2015-02-05620.136/SHE/1982 Non Fiction 5  2015-02-05
 Reading Item58308 Central Library, BUET2015-06-14Reading section620_136000000000000_SHE_1982 Central Library, BUET2015-06-14620.136/SHE/1982   6  2015-06-14
 Reading Item58309 Central Library, BUET2015-06-15Reading section620_136000000000000_SHE_1982 Central Library, BUET2015-06-15620.136/SHE/1982   7  2015-06-15
 Reading Item58313 Central Library, BUET2015-06-16Reading section620_136000000000000_SHE_1982 Central Library, BUET2015-06-16620.136/SHE/1982   8  2015-06-16
 Reading Item58314 Central Library, BUET2015-06-16Reading section620_136000000000000_SHE_1982 Central Library, BUET2015-06-16620.136/SHE/1982   9  2015-06-16
 Reading Item58316 Central Library, BUET2015-06-20Reading section620_136000000000000_SHE_1982 Central Library, BUET2015-06-20620.136/SHE/1982   10  2015-06-20
 Reading Item55327 Central Library, BUET2015-06-23Reading section620_136000000000000_SHE_1982 Central Library, BUET2015-06-23620.136/SHE/1982   11  2015-06-23